000 00966nam a2200289Ia 4500
001 H2839
003 IT-RoPAU
008 130308s9999 xx 000 0 und d
040 _aIT-RoPAU
040 _cIT-RoPAU
041 _aITALIANO
100 _aTraini Stefano
100 _gCodice Aut. SPICS: 40620
245 _aScrittura giornalistica (La)
245 _bScrivere per Comunicare
250 _a2a ed.
260 _aMILANO
260 _bBompiani
260 _c2001 [1° Ed.:1999 - Ed.Ling.Originale:1999]
300 _a"32 p. (prefazione: no ; testo: 32 [pagine: 173-204])"
500 _aDai Lanci di Agenzia Agli Articoli di Cronaca: Esempi Vari. Scrittura Oggettiva e Soggettiva: Esercizi. Titolazione: Esercizi. Revisione. Definizionedel compito e Strutturazione. Appendice: Articoli da Revisionare con le Correzioni.
650 _aSAGGI DI LINGUISTICA
650 _eCodice materia Spics: 3207
942 _cBK
957 _71
999 _c78081
_d78081
999 _g1